Nación, sionismo y masonería Rectificaciones a Ernesto Sábato
Saved in:
| Format: | Book |
|---|---|
| Published: |
Buenos Aires
Corregidor
1980
|
| Edition: | 1a ed. |
| LEADER | 00375nam a22001217a 4500 | ||
|---|---|---|---|
| 003 | AR-BeUNQ | ||
| 005 | 20171213141712.0 | ||
| 999 | |c 29431 |d 113231 | ||
| 245 | |a Nación, sionismo y masonería |c Francisco Hipólito Uzal |b Rectificaciones a Ernesto Sábato | ||
| 250 | |a 1a ed. | ||
| 260 | |a Buenos Aires |b Corregidor |c 1980 | ||
| 929 | |a DONACION |b Susana Fratini |d 70,00 |e 20171026 |g 3313 |o KM | ||
| 942 | |c LIB |n 1 | ||